00310nam a2200109Ia 4500008004100000041000800041082001400049100002000063245004500083260004100128300003100169240624s9999 xx 000 0 und d aeng a658.1 ARZ aARZAC ENRIQUE R aVALUATION FOR MERGERS BUYOUTS AND RESTRU c2005aNew DelhibJohn Wiley and Sons axiv, : 281 : p. : cm. ; 23